All Fontaines DC Songs - Statistics

General Stats
  • This quiz has been taken 101 times
  • The average score is 28 of 50
Answer Stats
Hint Answer % Correct
Romance Romance
95%
Skinty Fia Skinty Fia
92%
Romance Bug
85%
Skinty Fia I Love You
85%
Dogrel Big
84%
Dogrel Boys In The Better Land
84%
Romance Starburster
84%
Romance (Deluxe) Starburster / In Heaven (Lady In The Radiator Song)
84%
Romance Favourite
79%
Romance Motorcycle Boy
77%
Skinty Fia Roman Holiday
77%
A Hero's Death A Hero's Death
75%
Skinty Fia Jackie Down The Line
75%
Romance (Deluxe) It's Amazing To Be Young
74%
Romance In The Modern World
72%
Dogrel Roy's Tune
72%
Romance Death Kink
66%
Romance Desire
66%
Romance Here's The Thing
66%
Skinty Fia Nabokov
62%
Skinty Fia Big shot
61%
Romance Sundowner
61%
Dogrel Dublin City Sky
59%
Romance Horseness Is The Whatness
59%
Dogrel Liberty Belle
57%
Dogrel Sha Sha Sha
54%
Romance (Deluxe) Before You I Just Forget
52%
A Hero's Death Televised Mind
52%
Skinty Fia The Couple Across The Way
52%
Skinty Fia Bloomsday
51%
A Hero's Death No
49%
A Hero's Death I Don't Belong
48%
Dogrel Hurricane Laughter
43%
A Hero's Death Living In America
43%
Dogrel Television Screens
43%
A Hero's Death A Lucid Dream
41%
Skinty Fia How Cold Love Is
41%
Skinty Fia In ár gCroíthe go deo
39%
Dogrel Too Real
39%
A Hero's Death You Said
38%
Dogrel Chequeless Reckless
36%
A Hero's Death Oh Such A Spring
36%
A Hero's Death Sunny
33%
Dogrel The Lotts
31%
Single 'Cello Song
28%
Single Winter In The Sun
25%
Single Rocket To Russia
23%
A Hero's Death I Was Not Born
21%
A Hero's Death Love Is The Main Thing
21%
Single The Cuckoo Is A-Callin'
16%
No matching quizzes found
Score Distribution
Percent of People with Each Score
Percentile by Number Answered
Your Score History
You have not taken this quiz